| 000 | 00692nam a22002177a 4500 | ||
|---|---|---|---|
| 005 | 20251108165020.0 | ||
| 008 | 250721s1985 xx 000 0 ara d | ||
| 082 | 1 | 4 | _a926.1/جلج |
| 100 | 1 | _aإبن جلجل، أبو داود سليمان بن حسان الأندلسي | |
| 245 | 1 | 0 | _aطبقات الأطباء و الحكماء / |
| 250 | _aط2. | ||
| 264 | 1 |
_aبيروت : _bمؤسسة الرسالة، _c1985. |
|
| 300 | _a176ص | ||
| 490 | 0 | _aتاريخ الأطباء و الفلاسفة | |
| 650 | 1 | 7 | _aالأطباء |
| 650 | 1 | 7 | _aالتراجم |
| 700 | 1 | _aإبن حنين، إسحاق | |
| 700 | 1 |
_aسيد، فؤاد _eتحقيق |
|
| 942 |
_2ddc _cBK |
||
| 999 |
_c19944 _d19944 |
||